| 000 | 00848nam a2200277 4500 | ||
|---|---|---|---|
| 003 | OSt | ||
| 005 | 20260601193840.0 | ||
| 008 | 260420b2007 sp a|||| |||| 00| 0 eng d | ||
| 020 | _a8496429318 | ||
| 040 |
_aICI _bspa _cICI |
||
| 041 |
_aeng _h spa |
||
| 050 |
_a NK1510 _bC35 |
||
| 100 | _aCalmettes, Julien Martinez, | ||
| 245 | 1 |
_aPure design _bobjects of desire _cedited by Josep Maria Minguet ; text by Julien Martinez Calmettes ; tr., Babyl traducciones |
|
| 264 |
_bMonsa _c2007 _aBarcelona |
||
| 300 |
_a249 páginas _c26.3 cm. |
||
| 336 |
_atexto _2rdacontent |
||
| 337 |
_asin medio _2rdamedia |
||
| 338 |
_avolumen _2rdacarrier |
||
| 500 | _aTexto en inglés y español | ||
| 650 | _aDiseño | ||
| 650 | _aComunicación visual | ||
| 700 |
_aMinguet, Josep María _eeditor |
||
| 710 |
_aBabyl traducciones _etr. |
||
| 942 |
_2ddc _cB |
||
| 999 |
_c21416 _d21416 |
||